Statistics for Harry Potter books

Click here to take the quiz!

General Stats

  • This quiz has been taken 10 times
  • The average score is 8 of 11

Answer Stats

Book Title% Correct
Chamber of Secrets
100%
Goblet of Fire
100%
Half-Blood Prince
100%
Sorcerer's Stone
89%
Prisoner of Azkaban
89%
Deathly Hallows
89%
Order of the Phoenix
78%
Cursed Child
56%
Fantastic Beasts and Where To Find Them
44%
Quidditch Through The Ages
22%
Tales of Beedle the Bard
11%

Score Distribution

Percentile by Number Answered

Percent of People with Each Score

Your Score History

You have not taken this quiz